000
00483nam a2200181Ia 4500
008
090124s9999 xx 000 0 und d
082
_b
122757
100
_a
मुळीक निवृत्ती
245
_a
शिकार
250
_a
1
260
_c
1988
300
_a
175
600
_a
मुळीक निवृत्ती
630
_a
शिकार
700
_a
मुळीक निवृत्ती
730
_a
शिकार
942
_c
BOOK
999
_c
168843
_d
168843